Observations sur les vénus paléolithiques de Russie / par Henri Delporte
Descripción Física:
p. 381-404 : amb làm. ; 27 cm
Colección:
Monografías ; 12
Materias:
Paleolític -- Rússia
MARC
| LEADER | 00000nam a2200000Ia 4500 | ||
|---|---|---|---|
| 001 | 7791 | ||
| 008 | 160829s1964 xx 000 0 cat d | ||
| 080 | |a FU-21-5 | ||
| 100 | |a Delporte, Henri |9 24130 | ||
| 245 | |a Observations sur les vénus paléolithiques de Russie / par Henri Delporte | ||
| 260 | |a Barcelona : |b Diputación. Instituto de Prehistoria y Arqueología, |c 1964 | ||
| 300 | |a p. 381-404 : |b amb làm. ; |c 27 cm | ||
| 490 | |a Monografías ; 12 | ||
| 590 | |a Separata de: Miscelánea en Homenaje al Abate Henri Breuil | ||
| 650 | |a Paleolític |x Rússia |9 24131 | ||
| 710 | 2 | |a Instituto de Prehistoria y Arqueología (Barcelona, Catalunya) |9 54255 | |
| 901 | |a Arxiu | ||
| 942 | |n 1 |2 udc | ||
| 952 | |0 0 |1 0 |4 0 |6 FU215 |7 1 |9 42992 |a Arxiu |b Arxiu |d 2016-12-01 |l 0 |o FU-21-5 |p 7791 |r 2016-12-01 00:00:00 |w 2016-12-01 |y ARXIU | ||
| 999 | |c 45535 |d 45535 | ||